[Event "POL-chT"]
[Site "Wroclaw"]
[Date "2011.09.03"]
[Round "5.3"]
[White "Klim, Kamil"]
[Black "Michna, Marta"]
[Result "1/2-1/2"]
[WhiteElo "2314"]
[BlackElo "2393"]
[PlyCount "54"]
[EventDate "2011.05.06"]
[EventType "team-tourn"]
[EventRounds "9"]
[EventCountry "POL"]
[SourceTitle "EXT 2012"]
[Source "ChessBase"]
[SourceDate "2011.11.24"]
[SourceVersion "1"]
[SourceVersionDate "2011.11.24"]
[SourceQuality "1"]
[WhiteTeam "Gorzow Wielkopolski Stilon"]
[BlackTeam "Kozuchow Odrodzenie"]
[WhiteTeamCountry "POL"]
[BlackTeamCountry "POL"]

1. d4 c5 2. d5 e6 3. c4 exd5 4. cxd5 d6 5. Nc3 g6 6. Nf3 Bg7 7. Bf4 Ne7 8. Qa4+ Nd7 9. Rd1 0-0 10. Bxd6 Re8 11. Bxe7 Rxe7 12. e3 Nb6 13. Qa3 Bg4 14. Be2 Rd7 15. h3 Bxf3 16. Bxf3 c4 17. e4 Bf8 18. Qa5 Rc8 19. Na4 Nxa4 20. Qxa4 b5 21. Qc2 Qa5+ 22. Kf1 Re8 23. g3 Qxa2 24. Bg4 Rdd8 25. f4 c3 26. Rh2 cxb2 27. Qxb2 Qc4+ 1/2-1/2

[Event "Rewal op-A 16th"]
[Site "Rewal"]
[Date "2011.08.23"]
[Round "4"]
[White "Szmyd, Arkadiusz"]
[Black "Klim, Kamil"]
[Result "0-1"]
[WhiteElo "2155"]
[BlackElo "2328"]
[PlyCount "140"]
[EventDate "2011.08.19"]
[EventType "swiss"]
[EventRounds "9"]
[EventCountry "POL"]
[SourceTitle "CBM 144 Extra"]
[Source "ChessBase"]
[SourceDate "2011.10.28"]
[SourceVersion "1"]
[SourceVersionDate "2011.10.28"]
[SourceQuality "1"]

1. e4 c5 2. Nf3 d6 3. d4 cxd4 4. Nxd4 Nf6 5. Nc3 Nc6 6. Bg5 e6 7. Qd2 a6 8. 0-0-0 Bd7 9. f4 b5 10. Bxf6 gxf6 11. f5 Nxd4 12. Qxd4 Bh6+ 13. Kb1 Bf4 14. fxe6 fxe6 15. g3 Be5 16. Qd3 Rc8 17. Ne2 Qb6 18. Nf4 Ke7 19. Qe2 b4 20. Qg4 Rcg8 21. Qf3 Bc6 22. Bh3 f5 23. Rhe1 b3 24. axb3 Qb7 25. Nxe6 Bxe4 26. Rxe4 Qxe4 27. Qxf5 Qxf5 28. Bxf5 h5 29. Nc7 Rf8 30. Rf1 Rf7 31. Bd3 Rxf1+ 32. Bxf1 a5 33. Nd5+ Ke6 34. Ne3 d5 35. Bh3+ Kd6 36. Nf5+ Kc5 37. Bf1 Bf6 38. Be2 d4 39. Bf3 h4 40. gxh4 Bxh4 41. Nxh4 Rxh4 42. Be2 Rxh2 43. Bd3 Rh1+ 44. Ka2 Rd1 45. Be4 Kd6 46. Bf5 Ke5 47. Bg6 Kf4 48. b4 axb4 49. Kb3 Rb1 50. c4 Rg1 51. Bh7 Rg7 52. Bb1 Ke3 53. Kxb4 Rb7+ 54. Ka3 d3 55. b4 Ra7+ 56. Kb2 Ra4 57. Kc3 d2 58. Bc2 Ra2 59. Bd1 Ra1 60. Bg4 Rc1+ 61. Kb3 Kd3 62. c5 Rb1+ 63. Ka4 Kc3 64. Ka5 Rxb4 65. Bf3 Rf4 66. Bd1 Rf1 67. Be2 Re1 68. Bf3 Kd4 69. c6 Kc5 70. Ka6 Re7 0-1

[Event "Rewal op-A 16th"]
[Site "Rewal"]
[Date "2011.08.22"]
[Round "3"]
[White "Klim, Kamil"]
[Black "Lewtak, Damian"]
[Result "1-0"]
[WhiteElo "2328"]
[BlackElo "2093"]
[PlyCount "71"]
[EventDate "2011.08.19"]
[EventType "swiss"]
[EventRounds "9"]
[EventCountry "POL"]
[SourceTitle "CBM 144 Extra"]
[Source "ChessBase"]
[SourceDate "2011.10.28"]
[SourceVersion "1"]
[SourceVersionDate "2011.10.28"]
[SourceQuality "1"]

1. d4 d5 2. c4 c6 3. Nf3 Nf6 4. Nc3 e6 5. e3 Nbd7 6. Bd3 dxc4 7. Bxc4 b5 8. Be2 a6 9. e4 b4 10. e5 bxc3 11. exf6 cxb2 12. fxg7 Bxg7 13. Bxb2 Qa5+ 14. Nd2 Rb8 15. Qc2 Rxb2 16. Qxb2 c5 17. Rc1 Bxd4 18. Qc2 Bb7 19. 0-0 Bd5 20. Nb3 Rg8 21. g3 Bxb3 22. axb3 Ne5 23. b4 Qa3 24. Qe4 f5 25. Bh5+ Ke7 26. Qh4+ Kd7 27. bxc5 Bxf2+ 28. Kxf2 Nd3+ 29. Kg1 Nxc1 30. Rd1+ Kc6 31. Qc4 Qe3+ 32. Kg2 Nb3 33. Qxa6+ Kc7 34. Qb6+ Kc8 35. Qc6+ Kb8 36. Bf3 1-0

[Event "Warsaw Najdorf Memorial op-A"]
[Site "Warsaw"]
[Date "2011.07.16"]
[Round "3"]
[White "Kempinski, Robert"]
[Black "Klim, Kamil"]
[Result "1-0"]
[WhiteElo "2600"]
[BlackElo "2328"]
[PlyCount "133"]
[EventDate "2011.07.13"]
[EventType "swiss"]
[EventRounds "9"]
[EventCountry "POL"]
[SourceTitle "CBM 143 Extra"]
[Source "ChessBase"]
[SourceDate "2011.08.29"]
[SourceVersion "1"]
[SourceVersionDate "2011.08.29"]
[SourceQuality "1"]

1. d4 d5 2. Nf3 Nf6 3. c4 c6 4. e3 g6 5. Nc3 Bg7 6. Be2 0-0 7. 0-0 Bg4 8. cxd5 cxd5 9. Qb3 b6 10. h3 Bxf3 11. Bxf3 e6 12. Bd2 Nbd7 13. Rfc1 a6 14. a4 Qb8 15. Na2 Qb7 16. Rc2 Rfc8 17. Rac1 Bf8 18. Nb4 a5 19. Nc6 Nc5 20. dxc5 Rxc6 21. Bc3 Nd7 22. Bd4 Rb8 23. cxb6 Rxc2 24. Rxc2 Nxb6 25. Qb5 Qd7 26. Be2 Qxb5 27. Bxb5 Bb4 28. Rc6 Nc8 29. Be5 Ra8 30. g4 Bf8 31. b3 Bg7 32. Bc7 Ne7 33. Rd6 Bc3 34. Rd7 Bb4 35. Be5 h6 36. h4 Kf8 37. Kg2 Ng8 38. Rb7 Be7 39. Kh3 Nf6 40. Bf4 Ng8 41. g5 hxg5 42. hxg5 Bb4 43. Be5 Ne7 44. Kg4 Nf5 45. Bd3 Ne7 46. Kf3 Nc6 47. Bf6 Ne7 48. Rc7 Bd6 49. Rc1 Bb4 50. Ke2 Ke8 51. Bb5+ Kf8 52. Kd3 Rb8 53. Rc7 Ra8 54. Bc3 Bxc3 55. Kxc3 Rc8 56. Rxc8+ Nxc8 57. Kd4 Ke7 58. Kc5 Nd6 59. Bd3 Kd7 60. Kb6 e5 61. Kxa5 e4 62. Bb5+ Kc7 63. Kb4 Kb6 64. a5+ Kc7 65. Kc5 Nb7+ 66. Kxd5 Nxa5 67. Bc4 1-0

[Event "Warsaw Najdorf Memorial op-A"]
[Site "Warsaw"]
[Date "2011.07.15"]
[Round "2"]
[White "Klim, Kamil"]
[Black "Vysochin, Spartak"]
[Result "1-0"]
[WhiteElo "2328"]
[BlackElo "2552"]
[PlyCount "69"]
[EventDate "2011.07.13"]
[EventType "swiss"]
[EventRounds "9"]
[EventCountry "POL"]
[SourceTitle "CBM 143 Extra"]
[Source "ChessBase"]
[SourceDate "2011.08.29"]
[SourceVersion "1"]
[SourceVersionDate "2011.08.29"]
[SourceQuality "1"]

1. d4 d5 2. c4 c6 3. Nf3 Nf6 4. Nc3 a6 5. c5 Bf5 6. Qb3 Qc8 7. h3 Nbd7 8. Bf4 e6 9. e3 Be7 10. Be2 Be4 11. Nxe4 Nxe4 12. 0-0 0-0 13. Qc2 Bd8 14. Ne5 Bc7 15. Nxd7 Qxd7 16. Bxc7 Qxc7 17. Bd3 f5 18. f4 Nf6 19. Rf3 h6 20. Qf2 g5 21. fxg5 hxg5 22. g4 Ne4 23. Qg2 f4 24. exf4 gxf4 25. Re1 Ng5 26. Re5 Qg7 27. h4 Nf7 28. Rxe6 Qxd4+ 29. Qf2 Ne5 30. Rg6+ Kh7 31. Rxc6+ Kg8 32. Rg6+ Kh7 33. Rg7+ Kh8 34. Rh7+ Kg8 35. Rh8+ 1-0

[Event "Warsaw Najdorf Memorial op-A"]
[Site "Warsaw"]
[Date "2011.07.14"]
[Round "1"]
[White "Spicak, Krzysztof"]
[Black "Klim, Kamil"]
[Result "0-1"]
[WhiteElo "2054"]
[BlackElo "2328"]
[PlyCount "70"]
[EventDate "2011.07.13"]
[EventType "swiss"]
[EventRounds "9"]
[EventCountry "POL"]
[SourceTitle "CBM 143 Extra"]
[Source "ChessBase"]
[SourceDate "2011.08.29"]
[SourceVersion "1"]
[SourceVersionDate "2011.08.29"]
[SourceQuality "1"]

1. e4 c5 2. Nf3 d6 3. d4 cxd4 4. Nxd4 Nf6 5. Nc3 a6 6. a4 e6 7. Be2 Be7 8. 0-0 b6 9. f4 Bb7 10. Bf3 Qc7 11. Kh1 0-0 12. Be3 Nbd7 13. Qe1 Rac8 14. Qg3 Nc5 15. e5 dxe5 16. fxe5 Nfe4 17. Nxe4 Nxe4 18. Bxe4 Bxe4 19. c3 Qb7 20. Bh6 Bg6 21. Be3 Rfd8 22. Qf2 Rd5 23. Nf3 Bd3 24. Rfe1 b5 25. Bd4 b4 26. Qe3 Bf5 27. Rac1 bxc3 28. Rxc3 Rxc3 29. Qxc3 Bb4 30. Qb3 Bc2 31. Qxc2 Bxe1 32. Qe4 Ba5 33. Ng5 g6 34. Qh4 h5 35. Qf2 Bb6 0-1

[Event "Wroclaw Anderssen Memorial op 20th"]
[Site "Wroclaw"]
[Date "2011.07.11"]
[Round "3"]
[White "Klim, Kamil"]
[Black "Krasenkow, Michal"]
[Result "0-1"]
[WhiteElo "2328"]
[BlackElo "2607"]
[PlyCount "98"]
[EventDate "2011.07.11"]
[EventType "swiss (rapid)"]
[EventRounds "9"]
[EventCountry "POL"]
[SourceTitle "CBM 143 Extra"]
[Source "ChessBase"]
[SourceDate "2011.08.29"]
[SourceVersion "1"]
[SourceVersionDate "2011.08.29"]
[SourceQuality "1"]

1. e4 c5 2. Nf3 Nc6 3. Nc3 e5 4. Bc4 Be7 5. d3 d6 6. Nd5 Be6 7. c3 Nf6 8. 0-0 0-0 9. Nxe7+ Qxe7 10. Bg5 h6 11. Bxf6 Qxf6 12. Nd2 Ne7 13. Bb3 Ng6 14. Nc4 Nf4 15. Ne3 Qg6 16. Kh1 c4 17. Bxc4 Bxc4 18. dxc4 Qxe4 19. Qc2 Qc6 20. f3 Rae8 21. Qe4 Qxe4 22. fxe4 Rd8 23. Rad1 g6 24. Rd2 Ne6 25. Rfd1 Nc5 26. Rxd6 Rc8 27. Kg1 Nxe4 28. Rd7 Nc5 29. Re7 Rfe8 30. Rxe8+ Rxe8 31. b4 Ne4 32. Rd7 Re6 33. Rxb7 Ra6 34. c5 Kg7 35. b5 Ra3 36. b6 axb6 37. cxb6 Rxc3 38. Nd1 Rc1 39. Rd7 Rb1 40. b7 Nc5 41. Rd5 Nxb7 42. Kf2 Kf6 43. Nc3 Rb2+ 44. Kf3 Ke6 45. Rd1 Nd6 46. Rb1 Rc2 47. Rb3 Nc4 48. Ne4 f5 49. Nc5+ Kd5 0-1

[Event "Wroclaw Anderssen Memorial op 20th"]
[Site "Wroclaw"]
[Date "2011.07.11"]
[Round "4"]
[White "Zmarzly, Aleksandra"]
[Black "Klim, Kamil"]
[Result "1/2-1/2"]
[WhiteElo "2094"]
[BlackElo "2328"]
[PlyCount "167"]
[EventDate "2011.07.11"]
[EventType "swiss (rapid)"]
[EventRounds "9"]
[EventCountry "POL"]
[SourceTitle "CBM 143 Extra"]
[Source "ChessBase"]
[SourceDate "2011.08.29"]
[SourceVersion "1"]
[SourceVersionDate "2011.08.29"]
[SourceQuality "1"]

1. d4 Nf6 2. c4 g6 3. Nc3 d5 4. cxd5 Nxd5 5. Na4 Bg7 6. e4 Nb4 7. Be3 Bxd4 8. Bxd4 Qxd4 9. Qxd4 Nc2+ 10. Kd2 Nxd4 11. Rc1 c6 12. Ne2 Nxe2 13. Bxe2 Nd7 14. Rhd1 0-0 15. Ke1 e5 16. Rd6 Kg7 17. Rcd1 Nf6 18. f3 Re8 19. b3 h5 20. R1d2 h4 21. g3 hxg3 22. hxg3 Nh5 23. Kf2 Kf8 24. Nc5 Ng7 25. Bc4 a5 26. Rf6 Re7 27. Rd8+ Ne8 28. Rfd6 Kg7 29. Rd1 Nc7 30. Rh1 Re8 31. Rxe8 Nxe8 32. Rd1 b5 33. Be2 Kf6 34. f4 exf4 35. gxf4 Ke7 36. Bf3 Ra7 37. e5 Rc7 38. Be4 Bg4 39. Rd2 Be6 40. Bf3 Bf5 41. Ke3 Be6 42. Be4 Ng7 43. Rd6 Nf5+ 44. Bxf5 Bxf5 45. Ne4 Be6 46. Nc5 b4 47. Ne4 Rc8 48. Nc5 Bf5 49. Ne4 c5 50. Ra6 Bxe4 51. Kxe4 c4 52. bxc4 Rxc4+ 53. Ke3 Rc3+ 54. Kd4 Ra3 55. Ra7+ Kf8 56. e6 fxe6 57. Ke5 Rxa2 58. Kf6 Kg8 59. Kxg6 Rg2+ 60. Kf6 Ra2 61. Kg6 Kf8 62. Kf6 Ke8 63. Kxe6 Kd8 64. f5 b3 65. Rb7 Re2+ 66. Kd6 Rd2+ 67. Ke6 a4 68. f6 Rf2 69. f7 Kc8 70. Rb4 Re2+ 71. Kd6 Rf2 72. Ke7 Kc7 73. Rxa4 Kc6 74. Rb4 Re2+ 75. Kd8 Rf2 76. Ke7 Re2+ 77. Kf6 Rf2+ 78. Ke6 Re2+ 79. Kf5 Rf2+ 80. Ke6 Re2+ 81. Kf6 Rf2+ 82. Ke7 Re2+ 83. Kd8 Rf2 84. Ke7 1/2-1/2